| 000 | 00695nam a2200217Ii 4500 | ||
|---|---|---|---|
| 001 | 4120 | ||
| 003 | CO-ViMGA | ||
| 008 | 241108s9999||||xx |||||||||||||| ||und|| | ||
| 020 | _a958050039 | ||
| 040 |
_aCO-ViMGA _bspa _erda _cCO-ViMGA |
||
| 041 | 0 | _aunk | |
| 082 | 0 | 4 | _a465-G643 |
| 100 | 1 |
_aMartha Cecilia González Molina _956237 |
|
| 245 | 1 | 0 |
_aEspañol Teoría y práctica de nuestra lengua: _b6§, 7§, 8§, 9§, 10§ y 11 |
| 264 | 1 | _a[Lugar de publicación no identificado] : Educar Editores, 1983 | |
| 300 | _avolumen | ||
| 336 |
_atext _btxt _2rdacontent |
||
| 337 |
_aunmediated _bn _2rdamedia |
||
| 338 |
_avolume _bnc _2rdacarrier |
||
| 940 | _aidficha_siabuc: 4029. -- ficha_no_siabuc:4120 | ||
| 999 |
_c54096 _d54096 |
||